000 01242na a2200289 4500
001 19471
003 MIRAKIL
005 20181213155049.0
008 161216b tu 000 0
020 _a9786056066344
035 _a19471
040 _aMilas
_btur
_cTR-AnCHP
041 _atur
082 _a923.7 Tonguç,İ.H.
_bA62 2010
090 _a923.7 Tonguç,İ.H. A62 2010
111 _aAramızdan Ayrılışının 50. Yıldönümünde İsmail Hakkı Tonguç ve Okul Öncesinden Yüksek Öğretime Eğitim Sorunları, Çözüm Önerileri
_cİzmir
_d2010
245 _aAramızdan ayrılışının 50. yıldönümünde İsmail Hakkı Tonguç ve okul öncesinden yüksek öğretime eğitim sorunları, çözüm önerileri
_bSempozyum bildirileri, 20-22 Mayıs 2010, İzmir
_cYayına hazırlayan Kemal Kocabaş
246 _aSempozyum bildirileri
260 _aİzmir
_bYeni Kuşak Köy Enstitülüler Derneği Yayınları
_c2010
300 _a693 s.
_bres.
_c24 sm.
504 _aKaynakça var.
600 _aTonguç, İsmail Hakkı
_d1893-1960
_xToplantılar
650 _aKöy enstitüleri
_xTarih
_yKurucular
650 _aEğitim
_xSorunlar ve çözüm önerileri
_yToplantılar
700 _aKocabaş, Kemal
942 _2ddc
_cBKS
999 _c5860
_d5860